[Event "Vitoria Espirito Santo 3rd"]
[Site "Vitoria"]
[Date "2010.06.12"]
[Round "3.4"]
[White "Cunha e Silva, Carlos Alberto V"]
[Black "Docekal, Bohumil"]
[Result "1-0"]
[WhiteElo "2051"]
[BlackElo "1817"]
[PlyCount "65"]
[EventDate "2010.06.12"]
[EventType "swiss"]
[EventRounds "5"]
[EventCountry "BRA"]
[SourceTitle "EXT 2022"]
[Source "ChessBase"]
[SourceDate "2021.10.06"]
[SourceVersion "1"]
[SourceVersionDate "2021.10.06"]
[SourceQuality "1"]

1. e4 e5 2. Nf3 Nf6 3. Nxe5 d6 4. Nf3 Nxe4 5. d4 Be7 6. Bd3 Nf6 7. 0-0 0-0 8. h3 b6 9. c4 d5 10. b3 Ba6 11. Nc3 dxc4 12. bxc4 Bd6 13. Bg5 Nbd7 14. Qc2 h6 15. Bh4 Bb7 16. Ne4 Be7 17. Rfe1 Nxe4 18. Bxe7 Qxe7 19. Bxe4 Bxe4 20. Rxe4 Qd6 21. Rae1 Nf6 22. Re5 Rfe8 23. Rxe8+ Rxe8 24. Rxe8+ Nxe8 25. Qa4 Qe6 26. c5 a5 27. d5 Qc8 28. d6 cxd6 29. cxb6 Kf8 30. Qxa5 Qc1+ 31. Ne1 Nf6 32. b7 Nd7 33. Qd8# 1-0

[Event "Vitoria Espirito Santo 2nd"]
[Site "Vitoria"]
[Date "2010.05.09"]
[Round "5.10"]
[White "Docekal, Bohumil"]
[Black "Almeida, Sergio Ribeiro"]
[Result "0-1"]
[WhiteElo "1817"]
[BlackElo "1784"]
[PlyCount "46"]
[EventDate "2010.05.08"]
[EventType "swiss"]
[EventRounds "5"]
[EventCountry "BRA"]
[SourceTitle "EXT 2022"]
[Source "ChessBase"]
[SourceDate "2021.10.06"]
[SourceVersion "1"]
[SourceVersionDate "2021.10.06"]
[SourceQuality "1"]

1. d4 d5 2. c4 e6 3. a3 Nf6 4. Nc3 g6 5. c5 Bg7 6. h3 0-0 7. Bf4 Nc6 8. e3 a6 9. Nf3 b6 10. b4 Bb7 11. Bd3 bxc5 12. bxc5 Nd7 13. 0-0 e5 14. Nxe5 Ndxe5 15. Bxe5 Nxe5 16. dxe5 Bxe5 17. Rc1 Qf6 18. Qb3 Qc6 19. Rb1 Rfb8 20. Be2 Bxc3 21. Qxc3 d4 22. Bf3 dxc3 23. Rxb7 Qxc5 0-1

[Event "Lisbonne CEAX op 1st"]
[Site "Lisbonne"]
[Date "2006.03.12"]
[Round "5"]
[White "Docekal, Bohumil"]
[Black "Stein, Adriano Baldo"]
[Result "0-1"]
[WhiteElo "1839"]
[BlackElo "1887"]
[PlyCount "64"]
[EventDate "2006.03.10"]
[EventType "swiss"]
[EventRounds "6"]
[EventCountry "BRA"]
[SourceTitle "EXT 2008"]
[Source "ChessBase"]
[SourceDate "2007.11.25"]
[SourceVersion "1"]
[SourceVersionDate "2007.11.25"]
[SourceQuality "1"]

1. d4 Nf6 2. c4 e6 3. Nc3 Bb4 4. a3 Bxc3+ 5. bxc3 0-0 6. Bg5 d5 7. Nf3 h6 8. Bxf6 Qxf6 9. e3 dxc4 10. Bxc4 c5 11. Ne5 Nd7 12. Nxd7 Bxd7 13. 0-0 cxd4 14. cxd4 Bc6 15. Qb3 Qg5 16. f3 b5 17. Be2 Bd5 18. Qc3 Rfc8 19. Qd2 a6 20. Rac1 Bc4 21. f4 Qe7 22. Bxc4 Rxc4 23. Rxc4 bxc4 24. Qc3 Rc8 25. Rb1 Qd6 26. Rb4 a5 27. Rxc4 Rxc4 28. Qxc4 Qxa3 29. Qc8+ Kh7 30. Qc2+ g6 31. e4 Qe3+ 32. Kh1 Qe1# 0-1

[Event "BRA-ch sf"]
[Site "Vitoria"]
[Date "2003.09.07"]
[Round "6"]
[White "Campos, Esevandro"]
[Black "Docekal, Bohumil"]
[Result "0-1"]
[WhiteElo "1800"]
[BlackElo "1800"]
[PlyCount "132"]
[EventDate "2003.09.??"]
[EventType "swiss"]
[EventRounds "7"]
[EventCountry "BRA"]
[SourceTitle "EXT 2006"]
[Source "ChessBase"]
[SourceDate "2005.11.24"]
[SourceVersion "1"]
[SourceVersionDate "2005.11.24"]
[SourceQuality "1"]

1. c4 Nf6 2. Nc3 e6 3. Nf3 d5 4. Qc2 h6 5. b3 Bb4 6. a3 Bxc3 7. Qxc3 Nc6 8. Bb2 0-0 9. e3 Re8 10. Ne5 Nxe5 11. Qxe5 Qd6 12. Qxd6 cxd6 13. Bxf6 gxf6 14. cxd5 e5 15. f3 f5 16. Kf2 a6 17. a4 Bd7 18. Be2 Rec8 19. Rhc1 Rxc1 20. Rxc1 Rc8 21. Rxc8+ Bxc8 22. Bc4 Bd7 23. Ke1 Kf8 24. Kd1 Ke7 25. Kc2 Kd8 26. Kc3 Kc7 27. d4 f6 28. Bd3 Kb6 29. h3 a5 30. g4 e4 31. fxe4 fxg4 32. h4 g3 33. Bf1 Kc7 34. Kc2 b5 35. axb5 Bxb5 36. Bg2 Bd7 37. e5 dxe5 38. dxe5 fxe5 39. Kd3 Bf5+ 40. e4 Bg4 41. Kc4 Kb6 42. Kc3 Kc5 43. Kd3 Kd6 44. b4 a4 45. Kc3 Kc7 46. b5 Kb6 47. Kb4 Bd1 48. d6 Bg4 49. Kxa4 Bd7 50. Kb4 Bxb5 51. Kc3 Kc5 52. d7 Bxd7 53. Kd3 Kd6 54. Ke3 Bg4 55. Bf1 Ke7 56. Bb5 Kf7 57. Bc6 Kg6 58. Be8+ Kf6 59. Bc6 Ke7 60. Bb5 Kd6 61. Bf1 Kc5 62. Ba6 Kb4 63. Bf1 Kc3 64. Ba6 Kc2 65. Bf1 Kd1 66. Bb5 Ke1 0-1

[Event "BRA-ch sf"]
[Site "Vitoria"]
[Date "2003.09.06"]
[Round "5"]
[White "Caporale, Giuseppe Guido"]
[Black "Docekal, Bohumil"]
[Result "1-0"]
[WhiteElo "1862"]
[BlackElo "1800"]
[PlyCount "101"]
[EventDate "2003.09.??"]
[EventType "swiss"]
[EventRounds "7"]
[EventCountry "BRA"]
[SourceTitle "EXT 2006"]
[Source "ChessBase"]
[SourceDate "2005.11.24"]
[SourceVersion "1"]
[SourceVersionDate "2005.11.24"]
[SourceQuality "1"]

1. e4 e5 2. Nf3 Nc6 3. c3 Nf6 4. d4 exd4 5. e5 Nd5 6. cxd4 Bb4+ 7. Bd2 0-0 8. Bd3 Bxd2+ 9. Qxd2 f6 10. Bc4 Nce7 11. Nc3 c6 12. 0-0 Kh8 13. Ne4 Nb6 14. Bb3 Nf5 15. Bc2 d5 16. exd6 Nxd6 17. Ng3 Bg4 18. Qd3 g6 19. Nh4 f5 20. Nf3 Bxf3 21. Qxf3 Qf6 22. Rfd1 Rae8 23. a4 Re7 24. b3 Rfe8 25. h3 Nd5 26. Rd2 Nb4 27. Rad1 Nxc2 28. Rxc2 Re1+ 29. Nf1 Rxd1 30. Qxd1 Qe6 31. Nd2 Qe1+ 32. Qxe1 Rxe1+ 33. Kh2 Re2 34. f3 f4 35. h4 Nf5 36. Kh3 Rxg2 37. d5 Rg3+ 38. Kh2 Nd4 39. d6 Ne6 40. Rc3 g5 41. Ne4 gxh4 42. Nxg3 hxg3+ 43. Kg2 Kg7 44. Rc4 Kf7 45. Re4 Kf6 46. d7 Nd8 47. Re8 Kf7 48. Rxd8 Ke7 49. Rh8 Kxd7 50. Rxh7+ Kd6 51. Rxb7 1-0